000 00539nam a2200229Ia 4500
003 OSt
005 20221005125922.0
006 a|||||r|||| 00| 0
007 ta
008 221004b |||||||| |||| 00| 0 eng d
024 _a59529
037 _cTextual
040 _aCRL
_cCRL
_beng
041 _2eng
_aeng
082 _aVv, K3
100 _aDutt R Palme
245 0 _aProblems of contemporary history
260 _c1963
650 _aHISTORY
942 _hVv, K3
_cTEXL
_2cc
999 _c1055510
_d1055510